| 000 | 00411nam a2200157Ia 4500 | ||
|---|---|---|---|
| 008 | 241228s9999 xx 000 0 und d | ||
| 020 | _a103242141X | 9781032421414 | ||
| 082 | _a577.88 PAN/E | ||
| 100 | _aPandian, T. J. | ||
| 245 | 0 | _aEvolution and speciation in fungi and eukaryotic biodiversity. | |
| 260 | _aBoca Raton, | ||
| 260 | _bCRC Press, | ||
| 260 | _c2023 | ||
| 300 | _axiv, 287p | ||
| 942 | _cBK | ||
| 999 |
_c40107 _d40107 |
||